| 000 | 01327cam a2200217 4500 | ||
|---|---|---|---|
| 001 | ##L135326 | ||
| 008 | 061016n2006 000 0 eng u | ||
| 035 | _a(Sirsi) u135326 | ||
| 041 | 0 | 4 | _aeng |
| 050 | 0 | 4 | _a346.4104342 $2 18 |
| 100 | 1 | _aBall, Michael | |
| 245 | 0 | 0 |
_aBuy to let _bthe revolution - 10 years on _bassessment and prospects |
| 260 |
_aAmersham _bARLA _c2006 |
||
| 520 | _aProvides an overview of the development of the buy to let market over the last decade and assesses its current status and future. Buy to let has become a major industry that is forecast to grow. It has spread the privately rented sector, increased housing opportunities and competition and has helped to stabilise the housing market. Buy to let mainly houses young adults and buy to let borrowings represent well under half of the value of dwellings. Buy to let landlords are taking a growing share of the private rental market, mostly own only one or two properties, are relatively young and recent investors. Graphs. | ||
| 590 | _aIKA171006 NTK | ||
| 651 | 4 |
_aEngland _y886- |
|
| 690 | _aPROPERTY-RESIDENTIAL PROPERTY-RESIDENTIAL PROPERTY MARKET | ||
| 710 | 2 |
_aAssociation of Residential Letting Agents _93020 |
|
| 856 | 4 | 0 |
_uhttps://www.arla.co.uk/news/250906.htm _zView the report free of charge at www.arla.co.uk... |
| 942 | _n0 | ||
| 999 |
_c106005 _d106005 |
||